000
00357nam a2200133Ia 4500
008
151001s9999||||xx |||||||||||||| ||und||
100
_a
ग य दीक्षित
245
_a
ध्यान- मंथन
250
_a
1
260
_b
अंजली प्रकाशन पुणे
260
_c
1994
300
_a
77
365
_b
18
999
_c
971792
_d
971789